[Event "Pyramiden Cup 2016"]
[Site "Fuerth"]
[Date "2016.09.01"]
[Round "1.16"]
[White "Giessmann, Stephan"]
[Black "Meulner, Fabian"]
[Result "1-0"]
[WhiteElo "2252"]
[BlackElo "1870"]
[PlyCount "77"]
[EventDate "2016.??.??"]
[WhiteTeam "SK Kelheim"]
[BlackTeam "SW Nürnberg Süd"]

1. d4 c5 2. c3 cxd4 3. cxd4 d5 4. Nc3 Nc6 5. e4 dxe4 6. d5 Nb8 7. Nxe4 Nf6 8.
Nxf6+ gxf6 9. Nf3 Na6 10. Bf4 e5 11. dxe6 Qxd1+ 12. Rxd1 Bb4+ 13. Nd2 fxe6 14.
Bc4 e5 15. Be3 Nc7 16. O-O Be6 17. Bxe6 Nxe6 18. Ne4 Be7 19. Nd6+ Bxd6 20. Rxd6
Ke7 21. Rfd1 Nd4 22. Rd5 Rhd8 23. Rxd8 Rxd8 24. Bxd4 Ke6 25. Kf1 exd4 26. Ke2
Kd5 27. Rc1 Rd7 28. Kd3 b6 29. Rc4 Ke5 30. g3 Kf5 31. h3 Ke5 32. f4+ Ke6 33.
Rxd4 Rg7 34. g4 h5 35. f5+ Ke5 36. Re4+ Kd5 37. Ke3 hxg4 38. hxg4 Rh7 39. Re6
1-0

[Event "Pyramiden Cup 2016"]
[Site "Fuerth"]
[Date "2016.09.01"]
[Round "1.17"]
[White "Khalil, Shayar"]
[Black "Dorst, Johannes"]
[Result "0-1"]
[WhiteElo "1846"]
[BlackElo "2215"]
[PlyCount "94"]
[EventDate "2016.??.??"]
[WhiteTeam "SC Ansbach"]
[BlackTeam "SK Marburg"]

1. d4 Nf6 2. c4 g6 3. Nc3 Bg7 4. e4 d6 5. Nf3 O-O 6. Be2 e5 7. d5 a5 8. Bg5 Na6
9. Nd2 Qe8 10. a3 Bd7 11. O-O a4 12. Be3 b6 13. Qc2 Nc5 14. Rfb1 Ng4 15. Bxg4
Bxg4 16. Bxc5 bxc5 17. b3 axb3 18. Rxb3 Qd8 19. a4 Bc8 20. a5 Ba6 21. Nb5 f5
22. f3 Rf7 23. Qd3 Bh6 24. g3 Qg5 25. Nf1 Raf8 26. Kh1 Qh5 27. Kg2 Qg5 28. Kh1
fxe4 29. Qxe4 Qh5 30. Kg2 Qg5 31. Kh1 Re7 32. Qh4 Qxh4 33. gxh4 Rf4 34. Kg2
Rxc4 35. Ne3 Bxe3 36. Rxe3 Bxb5 37. a6 Re8 38. Rea3 Ra8 39. Ra5 Rb4 40. a7 Rb2+
41. Kg3 c4 42. R1a3 Kf7 43. h3 Ke7 44. h5 gxh5 45. Kh4 Kf6 46. Kxh5 Be8+ 47.
Kh4 Rb7 0-1

[Event "Pyramiden Cup 2016"]
[Site "Fuerth"]
[Date "2016.09.01"]
[Round "1.18"]
[White "Walter, Florian"]
[Black "Mix, Thomas"]
[Result "1-0"]
[WhiteElo "2142"]
[BlackElo "1927"]
[PlyCount "47"]
[EventDate "2016.??.??"]
[WhiteTeam "SC NT Nürnberg"]
[BlackTeam "SF Brannenburg"]

1. c4 c5 2. g3 Nc6 3. Bg2 g6 4. Nc3 Bg7 5. a3 Nf6 6. Rb1 d6 7. b4 O-O 8. bxc5
dxc5 9. Nh3 e5 10. Ng5 Qe7 11. O-O Rd8 12. d3 h6 13. Nge4 Nxe4 14. Bxe4 Be6 15.
Nd5 Qd7 16. Be3 Nd4 17. Rxb7 Qd6 18. Nc7 f5 19. Nxe6 Nxe6 20. Bd5 Kh8 21. Qb3
Rab8 22. Bxe6 Rxb7 23. Qxb7 Qxe6 24. Qxa7 1-0

[Event "Pyramiden Cup 2016"]
[Site "Fuerth"]
[Date "2016.09.01"]
[Round "1.19"]
[White "Kotitschke, Karlheinz"]
[Black "Muckle, Julius"]
[Result "1-0"]
[WhiteElo "1928"]
[BlackElo "2196"]
[PlyCount "135"]
[EventDate "2016.??.??"]
[WhiteTeam "SK Rothenburg"]
[BlackTeam "SK Ludwigshafen"]

1. d4 d5 2. Bg5 h6 3. Bh4 c5 4. dxc5 Qa5+ 5. Nc3 e6 6. e4 Qb4 7. a3 Qxb2 8. Nb5
Qe5 9. Be2 Na6 10. exd5 Qxd5 11. Nd6+ Bxd6 12. Qxd5 exd5 13. cxd6 Nf6 14. Bxf6
gxf6 15. O-O-O Bf5 16. Bb5+ Kf8 17. Bd3 Be6 18. Bxa6 bxa6 19. Ne2 Rd8 20. Rd4
Rxd6 21. Rhd1 Kg7 22. Nf4 Rhd8 23. h3 f5 24. R1d3 Kf6 25. g3 Ke5 26. h4 Rc8 27.
Ne2 Rdc6 28. Re3+ Kf6 29. c3 Rb8 30. Rb4 Rcb6 31. Nd4 a5 32. Rxb6 axb6 33. Rf3
Ke5 34. Nc6+ Kd6 35. Nxb8 Kc7 36. Na6+ Kb7 37. Nb4 axb4 38. axb4 Kc6 39. Rf4
Kd6 40. Kd2 Ke5 41. Ke3 Bd7 42. c4 Be6 43. c5 bxc5 44. bxc5 Bd7 45. Rb4 Bc6 46.
f4+ Ke6 47. Rb6 Kd7 48. Rb8 h5 49. Rh8 d4+ 50. Kxd4 Bf3 51. Ke5 Kc6 52. Rc8+
Kd7 53. Rf8 Ke7 54. Rb8 Be4 55. Rb4 f6+ 56. Kd4 Kd7 57. Rb6 Bc6 58. Rxc6 Kxc6
59. Kc4 Kc7 60. Kd5 Kd7 61. c6+ Ke7 62. Kc5 Ke6 63. Kb6 Kd5 64. c7 Ke4 65. c8=Q
Kf3 66. Qc3+ Kg4 67. Kc5 Kh3 68. Kd5 1-0

[Event "Pyramiden Cup 2016"]
[Site "Fuerth"]
[Date "2016.09.01"]
[Round "1.20"]
[White "Schulz, Lukas"]
[Black "Walter, Stefan"]
[Result "1/2-1/2"]
[WhiteElo "2147"]
[BlackElo "1934"]
[PlyCount "72"]
[EventDate "2016.??.??"]
[WhiteTeam "SC Forchheim"]
[BlackTeam "SG Fürth"]

1. e4 e5 2. f4 exf4 3. Bc4 Qh4+ 4. Kf1 d6 5. Nf3 Qf6 6. Nc3 Be6 7. Qe2 Nd7 8.
d4 Nb6 9. Bxe6 fxe6 10. a4 a6 11. a5 Nd7 12. e5 Qf5 13. Qe4 Qxe4 14. Nxe4 dxe5
15. dxe5 h6 16. h4 Ne7 17. Bxf4 Nd5 18. Bd2 Be7 19. c4 Nb4 20. Ke2 Nc6 21. Bc3
O-O-O 22. Rhd1 Bb4 23. Bxb4 Nxb4 24. Nf2 Nc5 25. Rxd8+ Rxd8 26. Ra3 Nc2 27. Rc3
Nd4+ 28. Nxd4 Rxd4 29. h5 Ne4 30. Ke3 Nxc3 31. Kxd4 Ne2+ 32. Ke3 Ng3 33. Ne4
Nxe4 34. Kxe4 b6 35. b4 bxa5 36. bxa5 c5 1/2-1/2

[Event "Pyramiden Cup 2016"]
[Site "Fuerth"]
[Date "2016.09.01"]
[Round "1.21"]
[White "Schloetterer, Hermann"]
[Black "Kreyssig, Bruno"]
[Result "0-1"]
[WhiteElo "1843"]
[BlackElo "2226"]
[PlyCount "56"]
[EventDate "2016.??.??"]
[WhiteTeam "Zabo-Eintracht Nürnberg"]
[BlackTeam "SG Leipzig"]

1. d4 Nf6 2. g3 c5 3. Nf3 cxd4 4. Bg2 e5 5. O-O Nc6 6. c3 dxc3 7. Nxc3 Be7 8.
e4 d6 9. h3 h6 10. Be3 Be6 11. Qe2 Qc8 12. Kh2 Nd4 13. Qd1 Nxf3+ 14. Qxf3 Ng4+
15. Kg1 Nxe3 16. fxe3 O-O 17. g4 Qd8 18. Rac1 Rc8 19. Rfd1 Qb6 20. Rd2 Bg5 21.
Kf2 Rfd8 22. Qg3 Bf4 23. Qf3 d5 24. Rcd1 d4 25. Nd5 dxe3+ 26. Nxe3 Rxd2+ 27.
Rxd2 Rc1 28. Bf1 Bxe3+ 0-1

[Event "Pyramiden Cup 2016"]
[Site "Fuerth"]
[Date "2016.09.01"]
[Round "1.22"]
[White "Cofman, Veaceslav"]
[Black "Dippel, Joerg"]
[Result "1-0"]
[WhiteElo "2145"]
[BlackElo "1799"]
[PlyCount "81"]
[EventDate "2016.??.??"]
[WhiteTeam "SC Untergrombach"]
[BlackTeam "SC And Nbg"]

1. d4 d5 2. c4 c6 3. Nf3 Nf6 4. Nc3 dxc4 5. a4 Bf5 6. e3 e6 7. Bxc4 Bb4 8. O-O
O-O 9. Qb3 a5 10. Na2 Qe7 11. Nxb4 axb4 12. Bd2 Re8 13. Bxb4 Qc7 14. Ne5 Nbd7
15. Nxd7 Qxd7 16. Bc3 Reb8 17. a5 Be4 18. Qd1 h6 19. f3 Bg6 20. e4 Ne8 21. Qe2
Nd6 22. Bd3 Re8 23. Ra3 Nc8 24. Rfa1 Na7 25. a6 b6 26. Rd1 Qd6 27. Qe3 Rad8 28.
Be2 Qc7 29. Raa1 f6 30. g3 Re7 31. Bb4 Ree8 32. Rac1 Bf7 33. Qc3 Qc8 34. Bf1
Rd7 35. Qa3 Red8 36. Be7 Re8 37. Bd6 e5 38. dxe5 fxe5 39. Bh3 Be6 40. Bxe6+
Rxe6 41. Qb3 1-0

[Event "Pyramiden Cup 2016"]
[Site "Fuerth"]
[Date "2016.09.01"]
[Round "1.23"]
[White "Bunk, Karsten"]
[Black "Suess, Helmut"]
[Result "1-0"]
[WhiteElo "2093"]
[BlackElo "1910"]
[PlyCount "71"]
[EventDate "2016.??.??"]
[WhiteTeam "SW Nürnberg Süd"]
[BlackTeam "SC NT Nürnberg"]

1. c4 e5 2. g3 Nf6 3. Bg2 d5 4. cxd5 Nxd5 5. Nc3 Nb6 6. Nf3 Nc6 7. O-O Be7 8.
a3 Be6 9. b4 f6 10. d3 O-O 11. Bb2 a6 12. Rc1 Nd4 13. Nd2 c6 14. Nce4 Rb8 15.
e3 Nb5 16. Qc2 Rf7 17. Rfd1 Rc8 18. Nc4 Bf8 19. a4 Nd6 20. Nxb6 Qxb6 21. Nc5
Bg4 22. f3 Bf5 23. e4 Bd7 24. d4 Re8 25. Qb3 Qc7 26. Bf1 b5 27. Nxa6 Qb6 28.
Nc5 bxa4 29. Nxa4 Qa7 30. Nc5 Qc7 31. Nxd7 Qxd7 32. dxe5 fxe5 33. Kg2 Qb7 34.
Ra1 g5 35. Ra5 Nxe4 36. Bc4 1-0

[Event "Pyramiden Cup 2016"]
[Site "Fuerth"]
[Date "2016.09.01"]
[Round "1.24"]
[White "Riedl, Guenter"]
[Black "Wagner, Florian"]
[Result "0-1"]
[WhiteElo "1879"]
[BlackElo "2126"]
[PlyCount "84"]
[EventDate "2016.??.??"]
[WhiteTeam "SK Marktoberdorf"]
[BlackTeam "SC NT Nürnberg"]

1. c4 Nf6 2. Nc3 e5 3. g3 Nc6 4. Bg2 Bc5 5. d3 a6 6. Nf3 d6 7. O-O O-O 8. Bg5
h6 9. Bxf6 Qxf6 10. Ne4 Qe7 11. Nxc5 dxc5 12. Nd2 Nd4 13. Ne4 Bg4 14. Nc3 c6
15. f3 Bh5 16. Qd2 f5 17. Rf2 Rad8 18. e3 Ne6 19. e4 f4 20. g4 Bf7 21. Rd1 h5
22. h3 hxg4 23. hxg4 b5 24. b3 Ng5 25. Qe2 Rd6 26. Bf1 Rg6 27. Rh2 Be6 28. Kf2
Qd7 29. Ke1 Qd4 30. Nb1 Nxf3+ 31. Qxf3 Bxg4 32. Qf2 Bxd1 33. Qxd4 cxd4 34. Kxd1
Rg1 35. Nd2 g5 36. Rg2 Rxg2 37. Bxg2 g4 38. Ke1 f3 39. Bh1 Kg7 40. Kf2 Rh8 41.
Kg1 Kg6 42. Nf1 Kg5 0-1

[Event "Pyramiden Cup 2016"]
[Site "Fuerth"]
[Date "2016.09.01"]
[Round "1.25"]
[White "Braun, Kristin"]
[Black "Hirn, Oskar"]
[Result "0-1"]
[WhiteElo "1853"]
[BlackElo "2238"]
[PlyCount "84"]
[EventDate "2016.??.??"]
[WhiteTeam "SC Forchheim"]
[BlackTeam "SC NT Nürnberg"]

1. d4 Nf6 2. Nf3 g6 3. c4 Bg7 4. Nc3 O-O 5. e4 d6 6. Be2 e5 7. d5 a5 8. Be3 Na6
9. O-O Ng4 10. Bd2 f5 11. Qc2 Nc5 12. Bd3 Kh8 13. Na4 Nxd3 14. Qxd3 h6 15. h3
fxe4 16. Qxe4 Bf5 17. Qe2 Nf6 18. Nh4 Bc2 19. Bxh6 Bxa4 20. Nxg6+ Kh7 21. Nxf8+
Qxf8 22. Bd2 b6 23. f4 Re8 24. f5 e4 25. Bc3 Bh6 26. Rae1 e3 27. Bd4 c5 28.
dxc6 Bxc6 29. Bxb6 Qe7 30. Qc2 Bxg2 31. Qxg2 Rg8 32. Rf3 Rxg2+ 33. Kxg2 e2 34.
Kf2 Bg5 35. Rxe2 Bh4+ 36. Kf1 Qb7 37. Rb3 a4 38. Rb4 Qh1+ 39. Bg1 Qxh3+ 40. Rg2
Qf3+ 41. Rf2 Bxf2 42. Bxf2 Ng4 0-1

[Event "Pyramiden Cup 2016"]
[Site "Fuerth"]
[Date "2016.09.01"]
[Round "1.26"]
[White "Goldsworthy, Patrick"]
[Black "Petrashov, Alexander"]
[Result "1-0"]
[WhiteElo "2139"]
[BlackElo "1785"]
[PlyCount "109"]
[EventDate "2016.??.??"]
[WhiteTeam "SG Siemens Erlangen"]
[BlackTeam "SC NT Nürnberg"]

1. d4 e6 2. e4 d5 3. Nd2 c5 4. exd5 exd5 5. Ngf3 Nc6 6. dxc5 Bxc5 7. Nb3 Be7 8.
Be2 Nf6 9. O-O O-O 10. Bg5 h6 11. Bh4 Be6 12. Nbd4 Qb6 13. Qd3 Ne4 14. Bxe7
Nxe7 15. Nxe6 fxe6 16. c4 Rad8 17. cxd5 exd5 18. Nd4 Ng6 19. g3 Ng5 20. f4 Ne6
21. Rad1 Ne7 22. Bg4 Nxd4 23. Qxd4 Qxd4+ 24. Rxd4 Rd6 25. Rc1 Rc6 26. Re1 Kf7
27. Re2 Rd8 28. Kf2 Rcd6 29. a3 a5 30. Rd3 Nc6 31. Rb3 Rb8 32. Rb6 g6 33. b4
axb4 34. axb4 Rf6 35. Bf3 Ne7 36. Rb5 Rd6 37. Re5 d4 38. Bxb7 d3 39. Ke1 d2+
40. Kd1 Rd7 41. Bd5+ Nxd5 42. Rexd5 Rxd5 43. Rxb8 Ke6 44. Re8+ Kf7 45. Re5 Rd6
46. b5 Kf6 47. Rc5 Ke6 48. Rc2 Rd5 49. Rb2 Kd7 50. Rxd2 Kd6 51. b6 Rxd2+ 52.
Kxd2 Kc6 53. Kd3 Kxb6 54. Kd4 Kc6 55. Ke5 1-0

[Event "Pyramiden Cup 2016"]
[Site "Fuerth"]
[Date "2016.09.01"]
[Round "1.27"]
[White "Schmitz, Tim"]
[Black "Meulner, Klaus"]
[Result "1/2-1/2"]
[WhiteElo "1808"]
[BlackElo "2124"]
[PlyCount "57"]
[EventDate "2016.??.??"]
[WhiteTeam "SC Sendling"]
[BlackTeam "SW Nürnberg Süd"]

1. e4 d5 2. exd5 Nf6 3. d4 Bg4 4. Be2 Bxe2 5. Qxe2 Qxd5 6. Nf3 e6 7. Nc3 Bb4 8.
O-O Bxc3 9. bxc3 Nc6 10. Rb1 b6 11. Re1 O-O 12. c4 Qd6 13. c3 Na5 14. Ne5 Nd7
15. Bf4 Qe7 16. Rbd1 Nxe5 17. Bxe5 Rfd8 18. Qg4 f5 19. Qe2 Qf7 20. c5 Re8 21.
Rd3 Nc4 22. Rg3 Nxe5 23. Qxe5 Rad8 24. c4 bxc5 25. Qxc5 c6 26. h3 h6 27. Ra3
Qf6 28. Re5 Rb8 29. Rb3 1/2-1/2

[Event "Pyramiden Cup 2016"]
[Site "Fuerth"]
[Date "2016.09.01"]
[Round "1.28"]
[White "Pfadenhauer, Johannes"]
[Black "Balhar, Michael"]
[Result "1-0"]
[WhiteElo "2061"]
[BlackElo "1769"]
[PlyCount "61"]
[EventDate "2016.??.??"]
[WhiteTeam "TSV Bindlach"]
[BlackTeam "SC Erlangen"]

1. d4 d5 2. c4 dxc4 3. e3 Nf6 4. Bxc4 a6 5. Nf3 e6 6. O-O c5 7. e4 cxd4 8. e5
Nd5 9. Bg5 Be7 10. Bxe7 Nxe7 11. Nbd2 Nbc6 12. Qe2 Ng6 13. Qe4 O-O 14. Rfe1 Bd7
15. Rad1 Rc8 16. h4 h6 17. h5 Nge7 18. Bd3 f5 19. exf6 Rxf6 20. Qh7+ Kf8 21.
Ne4 Rxf3 22. gxf3 Nf5 23. Ng3 Qg5 24. Bxf5 exf5 25. Qg6 f4 26. Qxg5 hxg5 27.
Ne4 g4 28. Nd6 Rc7 29. Re4 gxf3 30. Rde1 Nb4 31. Re8+ 1-0

[Event "Pyramiden Cup 2016"]
[Site "Fuerth"]
[Date "2016.09.01"]
[Round "1.29"]
[White "Noeckler, Alexander"]
[Black "Brem, Stephan"]
[Result "0-1"]
[WhiteElo "1887"]
[BlackElo "2114"]
[PlyCount "110"]
[EventDate "2016.??.??"]
[WhiteTeam "SK Weiden"]
[BlackTeam "SU Ebersberg-Grafing"]

1. c4 b6 2. Nc3 Bb7 3. e4 e6 4. g3 Bb4 5. Bg2 f5 6. Qc2 Nf6 7. f3 Bxc3 8. bxc3
fxe4 9. fxe4 Qe7 10. d3 O-O 11. e5 Bxg2 12. Qxg2 Ng4 13. Nf3 Qc5 14. Qe2 b5 15.
h3 Nh6 16. Bxh6 gxh6 17. d4 Qxc4 18. Qxc4 bxc4 19. O-O Nc6 20. Nd2 Ne7 21. Ne4
Nd5 22. Rab1 Rab8 23. Rxf8+ Rxf8 24. Nf6+ Nxf6 25. exf6 Rxf6 26. Rb7 Rf3 27.
Rxc7 d5 28. Re7 Rxg3+ 29. Kf2 Rxc3 30. Rxe6 Rd3 31. Ra6 Kf7 32. Rxa7+ Kf6 33.
a4 Kf5 34. Re7 Rxd4 35. a5 Rd2+ 36. Ke3 Rd3+ 37. Ke2 Ra3 38. Rxh7 Ke4 39. Rxh6
Ra2+ 40. Kd1 Rxa5 41. Rg6 Ra2 42. Rg4+ Kd3 43. Rg3+ Kd4 44. Rg4+ Kc5 45. h4 Rh2
46. Rf4 d4 47. Rf5+ Kb4 48. h5 Kc3 49. Ra5 Rh1+ 50. Ke2 d3+ 51. Ke3 Rh3+ 52.
Kf2 Kb2 53. Rb5+ Kc2 54. Ra5 d2 55. Ra2+ Kd3 0-1

[Event "Pyramiden Cup 2016"]
[Site "Fuerth"]
[Date "2016.09.01"]
[Round "1.30"]
[White "Walter, Thomas"]
[Black "Lehmann, Patricia"]
[Result "1-0"]
[WhiteElo "2177"]
[BlackElo "1720"]
[PlyCount "95"]
[EventDate "2016.??.??"]
[WhiteTeam "SC Erlangen"]
[BlackTeam "SG 1871 Löberitz"]

1. e4 c5 2. Nf3 d6 3. d4 cxd4 4. Nxd4 Nf6 5. Nc3 a6 6. Bg5 Nbd7 7. Bc4 Qb6 8.
Bb3 e6 9. O-O Be7 10. Be3 Qc7 11. Bxe6 fxe6 12. Nxe6 Qc6 13. Nd5 Bd8 14. Nxg7+
Kf7 15. Nf5 a5 16. Nxf6 Nxf6 17. Nxd6+ Ke6 18. Bf4 Bc7 19. e5 Bxd6 20. exd6 Kf7
21. Re1 Be6 22. Qd3 Rhg8 23. Bg3 Rae8 24. f3 Rg5 25. Kh1 Bc4 26. Qc3 Nh5 27.
Bh4 Rg6 28. Rxe8 Kxe8 29. Re1+ Kf8 30. d7 Qxd7 31. Qxc4 Qd2 32. Qc5+ Kg7 33.
Re7+ Kh6 34. Qe3+ Qxe3 35. Rxe3 Rd6 36. Be1 Rd1 37. Kg1 Rc1 38. c4 Rxc4 39.
Bxa5 Rc1+ 40. Re1 Rc2 41. g3 Rxb2 42. Re6+ Kg5 43. Bc3 Rxa2 44. h4+ Kf5 45.
Re5+ Kg6 46. Rg5+ Kh6 47. g4 Rc2 48. Rxh5+ 1-0

[Event "Pyramiden Cup 2016"]
[Site "Fuerth"]
[Date "2016.09.01"]
[Round "1.31"]
[White "Kocak, Ediz"]
[Black "Bildt, Maximilian"]
[Result "0-1"]
[WhiteElo "1819"]
[BlackElo "2020"]
[PlyCount "107"]
[EventDate "2016.??.??"]
[WhiteTeam "SW Nürnberg Süd"]
[BlackTeam "SK Zirndorf"]

1. d4 Nf6 2. Nf3 c5 3. c3 d5 4. Bf4 Nc6 5. e3 Bg4 6. Bb5 Qb6 7. Qa4 Bxf3 8.
dxc5 Qxc5 9. gxf3 a6 10. Bxc6+ Qxc6 11. Qxc6+ bxc6 12. Nd2 Nd7 13. O-O-O e5 14.
Bg3 Bd6 15. c4 Ke7 16. Rhg1 g6 17. Nb1 dxc4 18. Nd2 c3 19. bxc3 Rab8 20. Nc4
Bc7 21. Rd2 f6 22. Rgd1 Nc5 23. Nb2 Rhd8 24. Nd3 Nxd3+ 25. Rxd3 Rxd3 26. Rxd3
Bd6 27. Kc2 Ba3 28. Rd2 Ke6 29. f4 Rb2+ 30. Kd3 Rxd2+ 31. Kxd2 e4 32. Kc2 Be7
33. Kb3 Kd5 34. c4+ Kc5 35. f5 gxf5 36. Bb8 Bd8 37. Ba7+ Bb6 38. Bxb6+ Kxb6 39.
Kb4 c5+ 40. Ka4 Kc6 41. Ka5 Kb7 42. Ka4 Kb6 43. Kb3 Kc6 44. Ka4 Kd6 45. Ka5 Ke5
46. Kxa6 f4 47. a4 fxe3 48. fxe3 f5 49. Kb5 Kd6 50. Kb6 f4 51. a5 fxe3 52. a6
e2 53. a7 e1=Q 54. a8=Q 0-1

[Event "Pyramiden Cup 2016"]
[Site "Fuerth"]
[Date "2016.09.01"]
[Round "1.32"]
[White "Grafe, Wilhelm"]
[Black "Koehler, Lukas"]
[Result "1/2-1/2"]
[WhiteElo "2158"]
[BlackElo "1681"]
[PlyCount "52"]
[EventDate "2016.??.??"]
[WhiteTeam "SC NT Nürnberg"]
[BlackTeam "SC Bamberg"]

1. Nf3 d5 2. d4 Nf6 3. g3 e6 4. Bg2 Bd6 5. O-O Nbd7 6. c4 b6 7. cxd5 exd5 8.
Nc3 Bb7 9. Nb5 Ne4 10. Nxd6+ Nxd6 11. Bg5 f6 12. Bf4 Ne4 13. Rc1 Rc8 14. Bh3 a6
15. Nd2 Nxd2 16. Qxd2 O-O 17. Qc2 c5 18. Be6+ Kh8 19. Qf5 Bc6 20. Bxd5 g6 21.
Qe6 Re8 22. Qd6 Bb5 23. Rfe1 cxd4 24. Rxc8 Qxc8 25. Be6 Qc5 26. Bxd7 Qxd6
1/2-1/2

[Event "Pyramiden Cup 2016"]
[Site "Fuerth"]
[Date "2016.09.01"]
[Round "1.34"]
[White "Saathoff, Richard"]
[Black "Homi, Joseph"]
[Result "1/2-1/2"]
[WhiteElo "2119"]
[BlackElo "1787"]
[PlyCount "55"]
[EventDate "2016.??.??"]
[WhiteTeam "SW Nürnberg Süd"]
[BlackTeam "SG Fürth"]

1. e4 c6 2. d4 d5 3. exd5 cxd5 4. c4 Nf6 5. Nc3 Nc6 6. Bg5 Qa5 7. Qd2 Be6 8.
Bxf6 exf6 9. c5 a6 10. Be2 b6 11. Bf3 Rd8 12. cxb6 Qxb6 13. Nge2 Bb4 14. Rc1
O-O 15. O-O Rfe8 16. Rfd1 Rb8 17. Nf4 Red8 18. Qe3 Ne7 19. Na4 Qd6 20. a3 Nf5
21. Qd3 Qxf4 22. g3 Qd6 23. axb4 Rxb4 24. Nc5 Rxd4 25. Qxa6 Rxd1+ 26. Bxd1 Qxa6
27. Nxa6 Rc8 28. Rxc8+ 1/2-1/2

[Event "Pyramiden Cup 2016"]
[Site "Fuerth"]
[Date "2016.09.01"]
[Round "1.35"]
[White "Schrems, Hermann"]
[Black "Schulz, Horst"]
[Result "1/2-1/2"]
[WhiteElo "2099"]
[BlackElo "1739"]
[PlyCount "44"]
[EventDate "2016.??.??"]
[WhiteTeam "SC Emmendingen"]
[BlackTeam "SC Höchstadt/Aisch"]

1. d4 d5 2. c4 c6 3. Nf3 Nf6 4. e3 Bg4 5. Nc3 e6 6. h3 Bh5 7. Qb3 Qb6 8. g4 Bg6
9. c5 Qc7 10. Bg2 Nbd7 11. Nh4 e5 12. Bd2 Be7 13. O-O-O O-O 14. Nxg6 hxg6 15.
Kb1 b6 16. cxb6 Nxb6 17. dxe5 Qxe5 18. e4 Rab8 19. f4 Qe6 20. Bc1 Nc4 21. exd5
Rxb3 22. dxe6 Na3+ 1/2-1/2

[Event "Pyramiden Cup 2016"]
[Site "Fuerth"]
[Date "2016.09.01"]
[Round "1.36"]
[White "Semenova, Alisa"]
[Black "Redzepovic, Irfan"]
[Result "0-1"]
[WhiteElo "1646"]
[BlackElo "2124"]
[PlyCount "40"]
[EventDate "2016.??.??"]
[WhiteTeam "SC NT Nürnberg"]
[BlackTeam "SW Nürnberg Süd"]

1. e4 e5 2. Bc4 Nf6 3. d3 Bc5 4. Be3 Qe7 5. Nc3 c6 6. a3 O-O 7. Nge2 Bxe3 8.
fxe3 Qc5 9. Qd2 Ng4 10. Nd1 d5 11. exd5 cxd5 12. Ba2 d4 13. exd4 exd4 14. c3
Nc6 15. Rc1 Re8 16. Qf4 Nf6 17. b4 Qh5 18. Rc2 Bg4 19. Qf2 Bxe2 20. Rxe2 Rxe2+
0-1

[Event "Pyramiden Cup 2016"]
[Site "Fuerth"]
[Date "2016.09.01"]
[Round "1.37"]
[White "Suess, Stefan"]
[Black "Meyer, Nico"]
[Result "1-0"]
[WhiteElo "2049"]
[BlackElo "1550"]
[PlyCount "55"]
[EventDate "2016.??.??"]
[WhiteTeam "SC NT Nürnberg"]
[BlackTeam "SC Bechhofen"]

1. Nf3 Nc6 2. e4 e5 3. Bb5 a6 4. Ba4 Nf6 5. O-O d6 6. c3 Be7 7. Re1 Bg4 8. d3
O-O 9. Nbd2 b5 10. Bc2 Nb8 11. Nf1 c5 12. Ng3 Nh5 13. h3 Bxf3 14. Qxf3 Nxg3 15.
Qxg3 Kh8 16. Rf1 Nd7 17. f4 f5 18. exf5 Rxf5 19. d4 exf4 20. Qd3 g6 21. Bxf4 c4
22. Qe2 Rf6 23. Rf3 d5 24. Bg5 Re6 25. Qxe6 Bxg5 26. Rf7 Ra7 27. Rxh7+ Kxh7 28.
Qxg6+ 1-0

[Event "Pyramiden Cup 2016"]
[Site "Fuerth"]
[Date "2016.09.01"]
[Round "1.38"]
[White "Schoebel, Klaus"]
[Black "Braun, Michael"]
[Result "0-1"]
[WhiteElo "1742"]
[BlackElo "2051"]
[PlyCount "80"]
[EventDate "2016.??.??"]
[WhiteTeam "SK Herzogenaurach"]
[BlackTeam "SG Büchenbach/Roth"]

1. e4 c5 2. Nf3 d6 3. d4 cxd4 4. Nxd4 Nf6 5. Nc3 a6 6. Be2 e5 7. Nf3 Be7 8. O-O
h6 9. h3 Be6 10. Be3 Nbd7 11. Nh2 Rc8 12. f4 O-O 13. f5 Bc4 14. Ng4 Re8 15. Qd2
Bxe2 16. Qxe2 Bf8 17. Rad1 Rxc3 18. bxc3 Nxe4 19. Qd3 Ndf6 20. c4 Qc7 21. Rde1
Qc6 22. Rf3 Rc8 23. Bxh6 gxh6 24. Rxe4 Nxe4 25. Qxe4 Qxe4 26. Nf6+ Kh8 27. Nxe4
Rxc4 28. Nf6 Be7 29. Ng4 Rxc2 30. Nxh6 Kg7 31. Ng4 f6 32. Rb3 b5 33. Rg3 Kh7
34. Ra3 Rc6 35. Ne3 d5 36. Rb3 d4 37. Nd5 Bf8 38. Rg3 Rd6 39. Nc7 d3 40. Ne6
Bh6 0-1

[Event "Pyramiden Cup 2016"]
[Site "Fuerth"]
[Date "2016.09.01"]
[Round "1.39"]
[White "Eck, Mathias"]
[Black "Meyer, Robert"]
[Result "1-0"]
[WhiteElo "2080"]
[BlackElo "1748"]
[PlyCount "87"]
[EventDate "2016.??.??"]
[WhiteTeam "SF Darmstadt"]
[BlackTeam "SC Stein"]

1. c4 c5 2. Nf3 g6 3. Nc3 Bg7 4. d4 cxd4 5. Nxd4 Nc6 6. Nc2 Bxc3+ 7. bxc3 Nf6
8. f3 O-O 9. e4 d6 10. Be2 Qc7 11. Ne3 e6 12. O-O b6 13. Qe1 Bb7 14. Qh4 Qe7
15. Ba3 Rfd8 16. Rad1 Ne8 17. Qxe7 Nxe7 18. e5 Nc8 19. Rd2 f6 20. f4 Kf7 21.
Rfd1 Ke7 22. c5 bxc5 23. Bxc5 Bd5 24. Nxd5+ exd5 25. Rxd5 Ke6 26. Bc4 Kd7 27.
exd6 Nb6 28. Bb5+ Ke6 29. R5d2 h5 30. a4 g5 31. a5 Nd7 32. Bb4 gxf4 33. Rd4 f3
34. gxf3 Ne5 35. Kf2 Ng7 36. Bf1 f5 37. d7 Kf6 38. Rd6+ Ne6 39. f4 Nf7 40. Rc6
Rg8 41. Bc4 Nfd8 42. Bxe6 Nxc6 43. Bxg8 Rxg8 44. Rd6+ 1-0

[Event "Pyramiden Cup 2016"]
[Site "Fuerth"]
[Date "2016.09.01"]
[Round "1.40"]
[White "Friedel, Roland"]
[Black "Wenninger, Patrick"]
[Result "1-0"]
[WhiteElo "1651"]
[BlackElo "1866"]
[PlyCount "105"]
[EventDate "2016.??.??"]
[WhiteTeam "SF Drensteinfurt"]
[BlackTeam "Heilbronner SV"]

1. d4 d5 2. Nf3 Nf6 3. Bg5 Ne4 4. Bh4 c5 5. e3 Bg4 6. c3 Nc6 7. Be2 cxd4 8.
exd4 Qc7 9. Nbd2 Nxd2 10. Nxd2 Bf5 11. Bg3 Qd8 12. O-O e6 13. Bg4 Bg6 14. Bh5
Bd6 15. Bxd6 Qxd6 16. Re1 Rb8 17. Qe2 Qf4 18. Bf3 O-O 19. Qe3 Qd6 20. Qe2 b5
21. b4 a5 22. a3 Rb6 23. Nb3 Ra8 24. Nc5 Ra7 25. h3 Rb8 26. h4 h6 27. h5 Bf5
28. g4 Bh7 29. Nb3 Kf8 30. Qd2 Rba8 31. g5 hxg5 32. Qxg5 Bc2 33. Nc5 axb4 34.
h6 Bg6 35. Nxe6+ fxe6 36. Qxg6 Kg8 37. Rxe6 Qf4 38. Bxd5 Kh8 39. Bxc6 Rf8 40.
f3 gxh6 41. Qxh6+ Qxh6 42. Rxh6+ Kg7 43. Rh3 Rxa3 44. Rxa3 bxa3 45. Kf2 Rc8 46.
d5 Rh8 47. Rg3+ Kf6 48. Rg1 Rh2+ 49. Ke3 Ke5 50. Ra1 a2 51. f4+ Kd6 52. Bxb5
Kxd5 53. Be2 1-0

[Event "Pyramiden Cup 2016"]
[Site "Fuerth"]
[Date "2016.09.01"]
[Round "1.41"]
[White "Muetsch, Annmarie"]
[Black "Siewert, Wolfgang"]
[Result "1-0"]
[WhiteElo "2008"]
[BlackElo "1736"]
[PlyCount "71"]
[EventDate "2016.??.??"]
[WhiteTeam "SC Eppingen"]
[BlackTeam "SV Ei Reichenbrand"]

1. e4 e6 2. d4 c5 3. Nf3 cxd4 4. Nxd4 a6 5. Nc3 Qc7 6. f4 Nc6 7. Nxc6 bxc6 8.
Bd3 d6 9. O-O Nf6 10. Qe2 Be7 11. e5 Nd7 12. exd6 Bxd6 13. Ne4 Be7 14. Bd2 Nc5
15. Nxc5 Bxc5+ 16. Kh1 Bd4 17. Be4 Bb7 18. f5 e5 19. c3 Ba7 20. f6 g6 21. Rae1
O-O-O 22. Bc2 Bb8 23. Be3 Qa5 24. b4 Qc7 25. Rd1 Rxd1 26. Rxd1 Rd8 27. Qg4+ Rd7
28. Bb6 h5 29. Qh3 Qd6 30. Rxd6 Bxd6 31. Bb3 Bc7 32. Bxf7 Kd8 33. Bxc7+ Kxc7
34. Bb3 c5 35. f7 c4 36. Qxd7+ 1-0

[Event "Pyramiden Cup 2016"]
[Site "Fuerth"]
[Date "2016.09.01"]
[Round "1.42"]
[White "Lehmann, Tornalf"]
[Black "Willim, Michael"]
[Result "0-1"]
[WhiteElo "1675"]
[BlackElo "2085"]
[PlyCount "74"]
[EventDate "2016.??.??"]
[WhiteTeam "SC Heilsbronn"]
[BlackTeam "SC Erlangen"]

1. d4 Nf6 2. Bg5 e6 3. e4 h6 4. Bxf6 Qxf6 5. e5 Qe7 6. c3 c5 7. Nf3 Nc6 8. Be2
g6 9. O-O Bg7 10. Na3 cxd4 11. cxd4 d6 12. Nc4 dxe5 13. dxe5 O-O 14. Qd6 Qxd6
15. exd6 Rd8 16. Rfd1 b5 17. Ne3 a6 18. Rab1 Rd7 19. a3 Bb7 20. Rd2 Rad8 21.
Rbd1 Bf8 22. Ng4 Kg7 23. Nge5 Nxe5 24. Nxe5 Rxd6 25. Rxd6 Rxd6 26. b4 Rxd1+ 27.
Bxd1 Bd6 28. Nd3 e5 29. f3 f5 30. Kf2 Kf6 31. Bb3 Bc7 32. Nc5 Bb6 33. Ke2 Bxc5
34. bxc5 Ke7 35. g3 g5 36. Ke3 f4+ 37. gxf4 gxf4+ 0-1